50 Ways to Manage Stress / (Record no. 588391)
[ view plain ]
| 000 -LEADER | |
|---|---|
| fixed length control field | 00383nam a22001337a 4500 |
| 020 ## - INTERNATIONAL STANDARD BOOK NUMBER | |
| International Standard Book Number | 9781352005790 |
| 082 ## - DEWEY DECIMAL CLASSIFICATION NUMBER | |
| Classification number | 378.198 |
| Author Mark | COT |
| 100 ## - MAIN ENTRY--PERSONAL NAME | |
| Personal name | Cottrell, Stella |
| 245 ## - TITLE STATEMENT | |
| Title | 50 Ways to Manage Stress / |
| Statement of responsibility, etc. | Stella Cottrell |
| 260 ## - PUBLICATION, DISTRIBUTION, ETC. | |
| Place of publication, distribution, etc. | United Kingdom : |
| Name of publisher, distributor, etc. | Red Globe Press, |
| Date of publication, distribution, etc. | 2019. |
| 300 ## - PHYSICAL DESCRIPTION | |
| Extent | 130p. ; |
| Dimensions | 15 cm. |
| 942 ## - ADDED ENTRY ELEMENTS (KOHA) | |
| Source of classification or shelving scheme | |
| Koha item type | Book |
| Withdrawn status | Lost status | Source of classification or shelving scheme | Damaged status | Not for loan | Permanent Location | Current Location | Shelving location | Date acquired | Source of acquisition | Total Checkouts | Full call number | Barcode | Checked out | Date last seen | Date last checked out | Price effective from | Koha item type |
|---|---|---|---|---|---|---|---|---|---|---|---|---|---|---|---|---|---|
| Central Library (CL) | Central Library (CL) | Education | 02/28/2022 | Golden Books | 1 | 378.198 COT | CL-1035 | 10/13/2023 | 09/13/2023 | 09/13/2023 | 02/28/2022 | Book |
